| 000 | 01863nam a22002057a 4500 | ||
|---|---|---|---|
| 005 | 20260203145649.0 | ||
| 008 | 260127b ||||| |||| 00| 0 eng d | ||
| 040 | _cSSBUL | ||
| 041 | _aEnglish | ||
| 082 |
_223 _bT-29 Ph.D |
||
| 100 | 0 |
_aAye Aye Chaw, _b4 PhD-Hist-13. _965764 |
|
| 245 | 1 | 0 |
_aBuddhism in Mandalay (1886-1948) / _cAye Aye Chaw. |
| 260 |
_aMandalay : _bUniversity of Mandalay, _c2010. |
||
| 300 |
_axxvii, 185 p. , _bmap, photo, _c29 cm. |
||
| 502 |
_aThis dissertation deals with the religious organizations in Mandalay during the colonial period. The study on the religion in colonial period Mandalay is based on four conditions which presumably were most important. They are: the advent of Buddhism in Myanmar and the tasks carried out by the successive Myanmar Kings for the Religion; the spread and development of Buddhist scripture, which is the lifeblood of Buddhism; the Sayadaws who strove for the long endurance of Pariyatti Sā-sa-na; and the institutions which supported and promoted Buddhism in the colonial period. The colonial period was a period of change for Buddhism, and monks in Mandalay encountered much difficulties and changes. How Buddhism in Mandalay survived in the colonial period is discussed in this dissertation. This is a dissertation written after conducting research by studying reliable primary evidence to find out the conditions of Buddhism and Buddhist organizations in Mandalay while it was ruled by the British. _bPh.D _cUniversity of Mandalay _d2010 |
||
| 504 | _aIncluded bibliography | ||
| 505 |
_aIntroduction
Chapters
1. Background History
2. Canonical Study
3. Celebrated Sayadaws
4. Buddhist Associations
Conclusion
Map
Photographs
Appendices
Bibliography _rAye Aye Chaw, _tBuddhism in Mandalay (1886-1948). |
||
| 650 |
_aBuddhism _xHistory. _965904 _y(1886–1948) _zMandalay |
||
| 942 |
_2ddc _cREF |
||
| 999 |
_c47400 _d47400 |
||